000
00279nam a22001337a 4500
008
170728b xxu||||| |||| 00| 0 eng d
020
_a
9781418843564
041
_a
eng
080
_a
004
100
_a
32
101
_a
SHK
245
_a
WORD 2003
_c
SHELLY,G.B
942
_2
udc
_c
BK
999
_c
22143
_d
22143